000 01336nam a2200385 c 4500
003 BLK
005 20240708140909.0
008 180409b bul|||||r ||||||| ||bul||
010 _aKNG00131686000
020 _a978-0-19-479171-7
_bиздат.: Oxford Univ. Press
040 _aBLK
041 _aENG
_cENG
072 7 _2bullib
_aН80
_xЕзикознание Н
080 _aАнглийски език
_b811.111
_x(075.4)
_z811.111(075.4)
080 _aАнглийска литература
_b821.111
_x-91-32
_z821.111-91-32
100 1 _aWesley, Mary
_eпърви автор
_927943
700 1 _aKerr, Rosalie
_eretold by
_9374093
139 _aWesley, Mary
_bW 58
245 1 0 _aA Dubious Legacy
_bStage 4
_cMary Wesley; retold by Rosalie Kerr.
257 _aGBR
260 Oxford
_bOxford Univ. Press
_c2008
_fPrint. in Hong Kong
300 _a88 p.
_bill.
_c20 cm
380 _a80
490 1 _aOxford Bookworms Library
650 4 _aАнглийски език - текстове, адаптирани
_9241528
653 _aанглийски език
653 _aадаптирани книги
659 _aН
852 _aЦб 257055
856 4 _qpdf
_u
856 4 _qpdf
_u
942 _cKNG
_n0
_01
944 _aCR
_c14.11.2012
_k30556
_lТеодора Пейчева-Дянкова
944 _aED
_c16.01.2013
_k
999 _c126007
_d126007